Normal view
MARC view
Entry Topical Term
001 - CONTROL NUMBER
- control field: 265727
003 - CONTROL NUMBER IDENTIFIER
- control field: OSt
005 - DATE AND TIME OF LATEST TRANSACTION
- control field: 20260619100955.0
008 - FIXED-LENGTH DATA ELEMENTS
- fixed length control field: 260619|| aca||aabn | a|a d
040 ## - CATALOGING SOURCE
- Original cataloging agency: OSt
- Transcribing agency: OSt
150 ## - HEADING--TOPICAL TERM
- Topical term or geographic name entry element: Water harvesting borewell
670 ## - SOURCE DATA FOUND
- Source citation: Work cat.: (OSt)105791: DEVARAJA REDDY (N J). ದೇವರಾಜ ರೆಡ್ಡಿ (ಎನ್. ಜೆ.) 265726, Kolave bavige jala marupoorana., 2003